000
00224nam a2200097Ia 4500
008
170619s9999 xx 000 0 und d
100
_a
Shigley- J E
245
0
_a
Mechanical Engg. Design
260
_b
New Delhi: TMH
260
_c
2004
546
_a
ENGLISH
999
_c
16927
_d
16927